Biggest Companies in the World - Statistics

General Stats
  • This quiz has been taken 274 times
    254 since last reset
  • The average score is 13 of 25
Answer Stats
Record Valuation Current Valuation Sector Country Company % Correct
$3.86 Trillion $3.70 Trillion Tech USA Apple
94%
$3.48 Trillion $3.18 Trillion Tech USA Microsoft
90%
$1.42 Trillion $1.32 Trillion Auto/Tech USA Tesla
88%
$2.41 Trillion $2.41 Trillion Tech USA Alphabet (Google)
83%
$553 Billion $248 Billion Tech South Korea Samsung
82%
$3.66 Trillion $3.66 Trillion Tech USA NVIDIA
80%
$2.41 Trillion $2.39 Trillion Tech USA Amazon
76%
$1.59 Trillion $1.59 Trillion Tech USA Meta (Facebook)
74%
$764 Billion $735 Billion Retail USA Walmart
69%
$2.46 Trillion $1.80 Trillion Energy Saudi Arabia Saudi Aramco
55%
$1.14 Trillion $1.14 Trillion Tech Taiwan TSMC
51%
$703 Billion $678 Billion Finance USA JPMorgan
50%
$1.04 Trillion $974 Billion Conglomerate USA Berkshire Hathaway
44%
$838 Billion $204 Billion Tech/Retail China Alibaba
40%
$610 Billion $606 Billion Finance USA Visa
39%
$642 Billion $382 Billion Pharma Denmark Novo Nordisk
34%
$916 Billion $449 Billion Tech China Tencent
34%
$567 Billion $473 Billion Healthcare USA UnitedHealth
34%
$535 Billion $463 Billion Tech USA Oracle
33%
$555 Billion $474 Billion Energy USA Exxon Mobil
31%
$864 Billion $688 Billion Pharma USA Eli Lilly
26%
$581 Billion $187 Billion Conglomerate USA General Electric
24%
$574 Billion $302 Billion Finance China ICBC
23%
$1.13 Trillion $1.11 Trillion Tech USA Broadcom
20%
$1.20 Trillion $213 Billion Energy China PetroChina
15%
No matching quizzes found
Score Distribution
Percent of People with Each Score
Percentile by Number Answered
Your Score History
You have not taken this quiz since the last reset